Sugar from Canada
Zapisane w:
| 1. autor: | |
|---|---|
| Format: | Książka |
| Język: | Undetermined |
| Wydane: |
Washington
U.S. International trade commission
1979
|
| Hasła przedmiotowe: | |
| Etykiety: |
Dodaj etykietę
Nie ma etykietki, Dołącz pierwszą etykiete!
|
| Thư viện lưu trữ: | Trung tâm Học liệu Trường Đại học Cần Thơ |
|---|
| LEADER | 00538nam a2200193Ia 4500 | ||
|---|---|---|---|
| 001 | CTU_77415 | ||
| 008 | 210402s9999 xx 000 0 und d | ||
| 082 | |a 382 | ||
| 082 | |b E11 | ||
| 100 | |a Burghart, Harold E. | ||
| 245 | 0 | |a Sugar from Canada | |
| 245 | 0 | |c Harold E. Burghart | |
| 260 | |a Washington | ||
| 260 | |b U.S. International trade commission | ||
| 260 | |c 1979 | ||
| 650 | |a Import quotas,Sugar trade | ||
| 650 | |z United states,Canada | ||
| 904 | |i Trọng Hải | ||
| 980 | |a Trung tâm Học liệu Trường Đại học Cần Thơ | ||